1136 1558 1858 1589 1813 1726 1824 1284 1897 1404 1233 1793 1411 1385 1505 1516 1876 1177 1416 1691 1068 1887 1879 1886 1113 1342 1949 1562 1021 1410 1369 1168 1000 1979 1111 1645 1084 1071 1702 1740 1245 1162 1216 1553 1673 1765 1889 1286 1279 1305 1933 1570 1482 1981 1599 1000 1802 1037 1888 1256 1554 1602 1956 1331 1153 1625 1588 1103 1837 1254 1805 1279 1417 1625 1909 1866 1903 1904 1356 1092 1872 1596 1913 1529 1784 1184 1038 1194 1781 1761 1700 1150 1093 1461 1289 1959 1270 1621 1253 BCNSPRNW ULIB Ver.6.0+V

เปลี่ยนเป็นภาษาไทย

Change to English
 แสดงรายละเอียดบรรณานุกรม
  กลับหน้าหลัก

Brief Record : Get Marc (ISO 2709) : E-mail record : QR code < ปิดหน้าต่าง
LEADER : 00000nam 2200000uu 4500
001    13399127157
003     ULIB
008    191018s2562||||th 000 0 tha d
020 ^- ^a9786160036202
050 ^- ^aนว.^bต258ณ
100 0^ aตะวัน.
245 10 ^aณ จุดเกิดรัก /^cตะวัน.
250 ^- ^aพิมพ์ครั้งที่ 1.
260 ^- ^aกรุงเทพฯ :^bบริษัทสถาพรบุ๊คส์ จำกัด,^c2562
300 ^- ^a487 หน้า.
945    ^p340^l0^i006344
999    ^aประนอม เกษจรัล
รายการนี้ยังไม่มีแท็ก
คุณยังไม่ได้ล็อกอิน คุณสามารถมีกิจกรรมร่วมกับเว็บไซต์ได้ แต่ต้องล็อกอินก่อน ::
  ล็อกอิน

รายการสื่อสารสนเทศ

ลำดับที่ ประเภท เลขเรียก/บาร์โค้ด สถานที่ สถานะ
1. นวนิยาย
นวนิยาย
นว. ต258ณ ฉ.1 
  Barcode: 006344
ห้องสมุดวิทยาเขตนครสวรรค์
►นวนิยาย:l:Fiction
บนชั้น

รายการใกล้เคียง
    ผู้แต่ง [aตะวัน.]

BibComment


ยังไม่เคยถูกคอมเมนท์

คอมเมนท์ทรัพยากรรายการนี้
  คอมเมนท์: ณ จุดเกิดรัก ตะ..


 Copyright 2026. Bcnsprnw @Library